Nombres de 0 a 50 en 25 secondes - Statistiques

Statistiques générales
  • Ce quiz a été pris 927 fois
  • Le résultat moyen est 34 sur 51
Statistiques - réponses
Nombre1 % Correct
0
100%
1
95%
2
94%
3
93%
4
92%
5
91%
6
91%
7
90%
8
90%
9
90%
10
89%
11
89%
12
87%
13
85%
14
85%
15
84%
16
83%
17
82%
18
81%
19
80%
20
77%
21
76%
22
75%
23
73%
24
73%
25
71%
26
70%
27
69%
28
68%
29
66%
30
64%
31
62%
32
61%
33
58%
34
54%
35
51%
36
50%
37
49%
38
48%
39
47%
40
43%
41
40%
42
39%
43
38%
44
34%
45
30%
46
28%
47
26%
48
25%
49
24%
50
22%
Aucun quiz correspondant
Distribution des résultats
% des personnes avec chaque résultat
Percentile par nombre de réponses
Votre historique - résultats
Vous n’avez pas pris ce quiz